[Event "1. liga V 24/25, Grygov-Chotebor"]
[Site ""]
[Date "2024.10.20"]
[Round "1.1"]
[White "Biolek, Richard"]
[Black "Vesely, Vitek"]
[Result "1/2-1/2"]
[WhiteFideId "319996"]
[BlackFideId "348880"]
[WhiteElo "2417"]
[BlackElo "2165"]
[PlyCount "0"]
[WhiteTeam "A64 PROCLIENT Grygov"]
[BlackTeam "TJ CHS Chotebor"]
[EventDate "2024.10.20"]

1. e4 c5 2. Nf3 d6 3. d4 cxd4 4. Nxd4 Nf6 5. Nc3 a6 6. Bg5 e6 7. f4 h6 8. Bh4
Be7 9. Qf3 Nbd7 10. O-O-O Qc7 11. Be2 b5 12. Bxf6 Nxf6 13. e5 Bb7 14. Qg3 dxe5
15. fxe5 Nd5 16. Nxe6 fxe6 17. Qg6+ Kd7 18. Bg4 Qxe5 19. Nxd5 Qg5+ 20. Ne3+
Kc7 21. Qxe6 Bc5 22. Rd7+ Kb8 23. Re1 Bc8 24. Kb1 Bxd7 25. Qxd7 Rd8 26. Qe6
Ra7 27. Bf3 Qe7 28. Nd5 Qxe6 29. Rxe6 Rad7 30. b4 Bg1 31. Ne7 Rf8 32. Nc6+ Kc7
33. Ne5 Rd6 34. Re7+ Kc8 35. Rxg7 Bxh2 36. Bg4+ Kb8 37. Nd7+ Rxd7 38. Rxd7
Rf1+ 39. Rd1 Rxd1+ 40. Bxd1 1/2-1/2

[Event "1. liga V 24/25, Grygov-Chotebor"]
[Site ""]
[Date "2024.10.20"]
[Round "1.2"]
[White "Jun, Rudolf"]
[Black "Biolek, Richard"]
[Result "1/2-1/2"]
[WhiteFideId "376612"]
[BlackFideId "300756"]
[WhiteElo "2186"]
[BlackElo "2348"]
[PlyCount "0"]
[WhiteTeam "TJ CHS Chotebor"]
[BlackTeam "A64 PROCLIENT Grygov"]
[EventDate "2024.10.20"]

1. e4 e5 2. Nf3 Nc6 3. Nc3 Nf6 4. d4 exd4 5. Nxd4 Bb4 6. Nxc6 bxc6 7. Bd3 d5
8. exd5 cxd5 9. Qe2+ Qe7 10. Bb5+ Bd7 11. Bxd7+ Nxd7 12. Qxe7+ Kxe7 13. Bd2
Nb6 14. a3 Bc5 15. O-O c6 16. b3 Rhe8 17. Rfe1+ Kf8 18. Kf1 Rxe1+ 1/2-1/2

[Event "1. liga V 24/25, Grygov-Chotebor"]
[Site ""]
[Date "2024.10.20"]
[Round "1.3"]
[White "Sluka, Radek"]
[Black "Hrbek, Jachym"]
[Result "1-0"]
[WhiteFideId "305456"]
[BlackFideId "23709138"]
[WhiteElo "2287"]
[BlackElo "2046"]
[PlyCount "0"]
[WhiteTeam "A64 PROCLIENT Grygov"]
[BlackTeam "TJ CHS Chotebor"]
[EventDate "2024.10.20"]

1. e4 c6 2. d4 d5 3. Nc3 dxe4 4. Nxe4 Bf5 5. Qf3 e6 6. Bd3 Bxe4 7. Qxe4 Nf6 8.
Qh4 Nbd7 9. Nf3 Qa5+ 10. Bd2 Bb4 11. c3 Be7 12. O-O Qh5 13. Qg3 O-O 14. h3 c5
15. Rfe1 cxd4 16. Nxd4 Qd5 17. Bc2 Bd6 18. Qe3 Qe5 19. Nf3 Qxe3 20. Bxe3 Rac8
21. Rad1 Bc5 22. Bf4 Nb6 23. Ne5 Nfd5 24. Bc1 Bd6 25. Bb3 Bxe5 26. Rxe5 Nc4
27. Re4 b5 28. Red4 Rc6 29. Bc2 Ncb6 30. Bd3 a6 31. a3 Rfc8 32. Be2 Kf8 33. g4
h6 34. h4 Ke7 35. f4 Rc5 36. g5 hxg5 37. fxg5 f6 38. g6 e5 39. Re4 Rxc3 40.
bxc3 Nxc3 41. Bg4 Nxe4 42. Bxc8 Nxc8 43. Kg2 Ncd6 44. Kf3 f5 45. h5 Kf6 46.
Rg1 Ne8 47. Be3 N4d6 48. Bg5+ Ke6 49. Bh4 e4+ 50. Kf4 Nc7 51. Rd1 Nde8 52. Kg5
Nd5 53. Bg3 a5 54. Rc1 b4 55. Rc6+ Kd7 56. Rc5 Nef6 57. Rxa5 f4 58. Bxf4 Nxf4
59. Kxf4 bxa3 60. Rxa3 Ke6 61. Ra6+ Ke7 62. Ra5 Kd6 63. Rf5 Ke6 64. Re5+ Kd6
65. Rb5 Kc6 66. Rf5 Ne8 67. Rf8 Kd7 68. Kxe4 Ke7 69. Rh8 Nf6+ 70. Kf5 Nd7 71.
h6 gxh6 72. Rh7+ 1-0

[Event "1. liga V 24/25, Grygov-Chotebor"]
[Site ""]
[Date "2024.10.20"]
[Round "1.4"]
[White "Ondracek, Ondrej"]
[Black "Obsivac, Josef"]
[Result "0-1"]
[WhiteFideId "325708"]
[BlackFideId "303690"]
[WhiteElo "2105"]
[BlackElo "2270"]
[PlyCount "0"]
[WhiteTeam "TJ CHS Chotebor"]
[BlackTeam "A64 PROCLIENT Grygov"]
[EventDate "2024.10.20"]

1. e4 c5 2. Nf3 e6 3. d4 cxd4 4. Nxd4 a6 5. Bd3 Bc5 6. Nb3 Be7 7. O-O d6 8. f4
Nd7 9. a4 b6 10. Be3 Ngf6 11. N1d2 Bb7 12. Qe2 Qc7 13. f5 e5 14. Bg5 O-O 15.
Kh1 d5 16. exd5 Bxd5 17. c4 Bb7 18. a5 Rad8 19. Bxf6 Nxf6 20. axb6 Qxb6 21.
Na5 Ba8 22. Ne4 Rd4 23. c5 Qd8 24. Nxf6+ Bxf6 25. Rfd1 Qd5 26. c6 Rd8 27. c7
Rc8 28. Nc4 Rxc7 29. Nb6 Qd8 30. Nxa8 Qxa8 31. Rxa6 Qd5 32. Raa1 h6 33. h3 Qb7
34. Rab1 Qb4 35. b3 Rcd7 36. Bc4 e4 37. Qh5 Qe7 38. Rxd4 Rxd4 39. Re1 e3 40.
Qf3 Re4 41. Re2 Bg5 42. g3 Bf6 43. Kg2 Kh7 44. Bxf7 Qe5 45. Bc4 Qd4 46. Qh5
Re7 47. Qf3 Qe5 48. Be6 Ra7 49. Qxe3 Qa1 50. Bd5 Re7 51. Be6 Bd4 52. Bg8+ Kxg8
53. Qxe7 Qg1+ 54. Kf3 Qf1+ 55. Kg4 h5+ 56. Kxh5 Qxh3+ 57. Qh4 Qxf5+ 58. Qg5
g6+ 59. Kh4 Bf6 60. Qxf6 Qxf6+ 61. Kh3 Qf5+ 62. Kg2 Qd5+ 63. Kf2 Qxb3 64. Kg2
Kf7 65. Rf2+ Kg7 66. Rf4 Qd5+ 67. Kh2 Qd2+ 68. Kg1 g5 69. Rf2 Qe1+ 70. Kg2
Qe4+ 71. Kh2 Kg6 72. Kg1 Kh5 73. Kh2 Kg4 74. Rb2 Qh7+ 75. Kg1 Kxg3 76. Rb3+
Kg4 77. Rb4+ Kh5 78. Rb2 Qa7+ 0-1

[Event "1. liga V 24/25, Grygov-Chotebor"]
[Site ""]
[Date "2024.10.20"]
[Round "1.5"]
[White "Bokhnak, Timofey"]
[Black "Tuma, Jiri"]
[Result "1-0"]
[WhiteFideId "14172976"]
[BlackFideId "318337"]
[WhiteElo "2270"]
[BlackElo "2288"]
[PlyCount "0"]
[WhiteTeam "A64 PROCLIENT Grygov"]
[BlackTeam "TJ CHS Chotebor"]
[EventDate "2024.10.20"]

1. e4 c5 2. Nf3 Nc6 3. Bb5 g6 4. O-O Bg7 5. Bxc6 dxc6 6. d3 e5 7. Be3 Qe7 8.
h3 Nf6 9. Qd2 Nd7 10. Re1 Nf8 11. Bh6 Bxh6 12. Qxh6 f6 13. Nbd2 Ne6 14. Qe3
Bd7 15. a4 O-O 16. a5 Kh8 17. c3 Rfd8 18. Nc4 Be8 19. g3 Bf7 20. Kh2 Rd7 21.
Red1 Bg8 22. Rd2 Rad8 23. Rb1 Nc7 24. Na3 Nb5 25. Nxb5 cxb5 26. b4 Rc7 27.
Rbb2 cxb4 28. cxb4 a6 29. Kg2 Rc3 30. Rbc2 Rdc8 31. Rxc3 Rxc3 32. Qb6 Rc6 33.
Qa7 Qxb4 34. Qxb7 Rd6 35. Qe7 Qc5 36. d4 exd4 37. Rxd4 Rc6 38. Qd8 Re6 39. Rd7
Qc6 40. Ra7 Re8 41. Qb6 Re6 42. Qb8 Re8 43. Qf4 g5 44. Qf5 Re6 45. g4 Qxe4 46.
Qc5 Qg6 47. Qc8 Qe8 48. Qb7 Qg6 49. Ra8 Qg7 50. Qb8 Re7 51. Rxa6 Rb7 52. Qd8
b4 53. Rb6 b3 54. Rxb7 Qxb7 55. Qxf6+ Qg7 56. Qb6 h6 57. Nd4 Qf8 58. Nf5 Bh7
59. Qd4+ Kg8 60. Qd5+ Kh8 61. Qe5+ Kg8 62. Qe6+ Kh8 63. Qxb3 Bxf5 64. Qf3 1-0

[Event "1. liga V 24/25, Grygov-Chotebor"]
[Site ""]
[Date "2024.10.20"]
[Round "1.6"]
[White "Vala, Filip"]
[Black "Vanek, Ladislav"]
[Result "0-1"]
[WhiteFideId "325490"]
[BlackFideId "324647"]
[WhiteElo "2116"]
[BlackElo "2164"]
[PlyCount "0"]
[WhiteTeam "TJ CHS Chotebor"]
[BlackTeam "A64 PROCLIENT Grygov"]
[EventDate "2024.10.20"]

1. d4 Nf6 2. Nf3 e6 3. c4 b6 4. a3 Bb7 5. Nc3 Ne4 6. Nxe4 Bxe4 7. Nd2 Bb7 8.
e4 g6 9. Bd3 Bg7 10. Nf3 O-O 11. O-O d6 12. Bg5 Qe8 13. Qd2 Nd7 14. Bh6 e5 15.
d5 a5 16. b4 Qe7 17. Rfc1 Ra7 18. Bg5 f6 19. Be3 f5 20. Bg5 Qf7 21. Bh6 fxe4
22. Bxg7 Qxg7 23. Bxe4 Nf6 24. Bc2 Rfa8 25. Rab1 axb4 26. axb4 Ra2 27. Qg5
R8a3 28. Qh4 Rc3 29. Bb3 Rb2 30. Bd1 Rxc1 31. Rxc1 Rxb4 32. Qh3 Qd7 33. Qh6
Qf5 34. Qd2 Qf4 35. Qxf4 exf4 36. Ne1 Ba6 37. Be2 Nxd5 38. Ra1 Bxc4 39. Bg4
Nc3 40. Nc2 Rb1+ 41. Rxb1 Nxb1 42. g3 fxg3 43. fxg3 c5 44. Ne3 Bf7 45. Kf2 Nc3
46. Bd7 Kf8 47. Ke1 Ke7 48. Bc6 d5 49. Kd2 Kd6 50. Ba8 Ne4+ 51. Kd3 b5 52. Nd1
b4 53. Nb2 Nc3 54. Kc2 c4 55. Bb7 Kc5 0-1

[Event "1. liga V 24/25, Grygov-Chotebor"]
[Site ""]
[Date "2024.10.20"]
[Round "1.7"]
[White "Vitak, Pavel"]
[Black "Hospodka, Josef"]
[Result "1-0"]
[WhiteFideId "317870"]
[BlackFideId "346845"]
[WhiteElo "2148"]
[BlackElo "1910"]
[PlyCount "0"]
[WhiteTeam "A64 PROCLIENT Grygov"]
[BlackTeam "TJ CHS Chotebor"]
[EventDate "2024.10.20"]

1. e4 c5 2. Nf3 a6 3. c4 d6 4. d4 cxd4 5. Nxd4 Nc6 6. Nc3 Nf6 7. Be2 Bd7 8.
Be3 e6 9. f3 Be7 10. O-O O-O 11. Qd2 Rc8 12. Rfd1 Qc7 13. Rac1 Qb8 14. b3 Rfd8
15. Nxc6 bxc6 16. c5 dxc5 17. Bxa6 Be8 18. Qc2 Rxd1+ 19. Rxd1 Rd8 20. Rxd8
Qxd8 21. Qd2 Qb6 22. Be2 h6 23. Na4 Qb4 24. Kf2 Nd7 25. Nb2 Ne5 26. Nc4 Nxc4
27. Bxc4 Qb8 28. g3 Qe5 29. a4 Qa1 30. Kg2 h5 31. a5 h4 32. a6 hxg3 33. hxg3
g6 34. Qf2 Qa3 35. Qc2 Bd7 36. Bc1 Qa5 37. Qd2 Qxd2+ 38. Bxd2 Bc8 39. Bf4 Kf8
40. Kf2 Ke8 41. Ke2 Kd7 42. Kd3 Bd6 43. Bxd6 Kxd6 44. f4 Kc7 45. a7 Bb7 46.
Ke3 Kb6 47. Kf3 Kxa7 48. Kg4 Ba6 49. Kg5 Bxc4 50. bxc4 Kb6 51. Kf6 Ka5 52.
Kxf7 Kb4 53. Kxe6 Kxc4 54. f5 gxf5 55. exf5 Kb3 56. f6 c4 57. f7 c3 58. f8=Q
c2 59. Qc5 Kb2 60. Qxc6 Kb1 61. g4 1-0

[Event "1. liga V 24/25, Grygov-Chotebor"]
[Site ""]
[Date "2024.10.20"]
[Round "1.8"]
[White "Fiala, Milan"]
[Black "Fuksik, Jakub"]
[Result "1-0"]
[WhiteFideId "346829"]
[BlackFideId "305197"]
[WhiteElo "1874"]
[BlackElo "2076"]
[PlyCount "0"]
[WhiteTeam "TJ CHS Chotebor"]
[BlackTeam "A64 PROCLIENT Grygov"]
[EventDate "2024.10.20"]

1. d4 d5 2. c4 c6 3. Nf3 Nf6 4. e3 a6 5. Nc3 b5 6. cxd5 cxd5 7. a3 e6 8. Bd3
Bd6 9. O-O O-O 10. e4 dxe4 11. Nxe4 Bb7 12. Nxf6+ Qxf6 13. Bg5 Bxf3 14. Qd2
Bf4 15. Bxf4 1-0

[Event "1. liga V 24/25, Hostalkova-Orlova"]
[Site ""]
[Date "2024.10.20"]
[Round "1.1"]
[White "Warakomski, Tomasz"]
[Black "Zylka, Stanislaw"]
[Result "1-0"]
[WhiteFideId "1124552"]
[BlackFideId "1189654"]
[WhiteElo "2545"]
[BlackElo "2367"]
[PlyCount "0"]
[WhiteTeam "Sachy Hostalkova"]
[BlackTeam "SK Slavia Orlova"]
[EventDate "2024.10.20"]

1. e4 e5 2. Bc4 Nf6 3. d3 Bc5 4. Nf3 Nc6 5. O-O d6 6. c3 a6 7. a4 h6 8. a5 O-O
9. Re1 Re8 10. h3 Ba7 11. Qb3 Rf8 12. Be3 Nh5 13. d4 Qf6 14. Qd1 Nf4 15. Kh2
Kh8 16. d5 Ne7 17. Bxa7 Rxa7 18. Bf1 g5 19. g3 g4 20. hxg4 Bxg4 21. Nbd2 Rg8
22. Bg2 Raa8 23. Rh1 Raf8 24. Ra4 Neg6 25. Qe1 h5 26. Qe3 Rg7 27. Bf1 Rfg8 28.
Rc4 Qd8 29. Kg1 Rh7 30. Rh2 Ne7 31. Kh1 Nexd5 32. exd5 Nxd5 33. Qd3 c6 34.
Rxg4 Rxg4 35. c4 Qxa5 36. Qf5 Ne7 37. Qf6+ Kg8 38. Qxe7 Qc5 39. Ng5 Rg7 40.
Qd8# 1-0

[Event "1. liga V 24/25, Hostalkova-Orlova"]
[Site ""]
[Date "2024.10.20"]
[Round "1.2"]
[White "Tomaszewski, Kacper"]
[Black "Baidetskyi, Valentin"]
[Result "0-1"]
[WhiteFideId "1127373"]
[BlackFideId "14142317"]
[WhiteElo "2327"]
[BlackElo "2505"]
[PlyCount "0"]
[WhiteTeam "SK Slavia Orlova"]
[BlackTeam "Sachy Hostalkova"]
[EventDate "2024.10.20"]

1. d4 Nf6 2. Nf3 e6 3. Bg5 d5 4. e3 c5 5. c3 Nc6 6. Bd3 Qb6 7. Qc1 h6 8. Bh4
Nh5 9. O-O g5 10. Bg3 Nxg3 11. hxg3 g4 12. Nh4 Bd7 13. Nd2 O-O-O 14. b4 c4 15.
Be2 h5 16. Qc2 f5 17. a4 Rh6 18. f4 gxf3 19. gxf3 e5 20. a5 Qc7 21. f4 e4 22.
Kf2 Ne7 23. Rh1 Ng8 24. Rh2 Nf6 25. Rah1 Be7 26. Ng2 Rdh8 27. Qd1 Qd8 28. Nf1
Qe8 29. Nh4 R8h7 30. Qe1 Qg8 31. Qd1 Qh8 32. Qe1 Kb8 33. Kg1 Rg7 34. Rg2 Qh7
35. Bd1 Qg8 36. Rh3 Qd8 37. Rh1 Rh8 38. Rh3 Rhg8 39. Rh1 Ng4 40. Qd2 Qe8 41.
Rh3 Kc7 42. Nh2 Nf6 43. Nf1 Kd6 44. Qa2 Ke6 45. Rh1 Bb5 46. Rgh2 b6 47. Qa1
Qd8 48. axb6 axb6 49. Ng2 Qa8 50. Qb2 Rh8 51. Bxh5 Nxh5 52. Rxh5 Rxh5 53. Rxh5
Bf6 54. Nh4 Be8 55. Rh6 Qa4 56. Kf2 Qb3 57. Qe2 Ra7 58. Nd2 Qxc3 59. g4 Ra2
60. Rxf6+ Kd7 61. Ke1 Qxb4 62. Rxf5 c3 63. Rxd5+ Kc6 64. Rd6+ Kb7 0-1

[Event "1. liga V 24/25, Hostalkova-Orlova"]
[Site ""]
[Date "2024.10.20"]
[Round "1.3"]
[White "Balint, Peter"]
[Black "Sramek, Vojtech"]
[Result "1/2-1/2"]
[WhiteFideId "1660713"]
[BlackFideId "358681"]
[WhiteElo "2375"]
[BlackElo "2233"]
[PlyCount "0"]
[WhiteTeam "Sachy Hostalkova"]
[BlackTeam "SK Slavia Orlova"]
[EventDate "2024.10.20"]

1. e4 c5 2. Nf3 d6 3. d4 cxd4 4. Nxd4 Nf6 5. Nc3 a6 6. f3 e6 7. a3 b5 8. Be3
h5 9. Qd2 Nbd7 10. O-O-O Bb7 11. Kb1 Be7 12. Be2 Rc8 13. Qe1 Ne5 14. f4 Nc4
15. Bxc4 Rxc4 16. e5 Nd5 17. Nxd5 Bxd5 18. exd6 Qxd6 19. Bc1 Bf6 20. Nf5 Qc6
21. Ne3 O-O 22. Qe2 Rc8 23. Rhe1 b4 24. Rxd5 exd5 25. Nxc4 dxc4 26. axb4 Qb5
27. c3 a5 28. Bd2 axb4 29. cxb4 Qa6 30. Bc3 Ra8 31. Bxf6 Qa2+ 32. Kc2 Qa4+ 33.
Kb1 gxf6 34. Qf3 Qa2+ 35. Kc2 Qa4+ 36. Kb1 Qa2+ 37. Kc2 Qa4+ 1/2-1/2

[Event "1. liga V 24/25, Hostalkova-Orlova"]
[Site ""]
[Date "2024.10.20"]
[Round "1.4"]
[White "Husek, Martin"]
[Black "Slovak, Kilian"]
[Result "0-1"]
[WhiteFideId "384054"]
[BlackFideId "365440"]
[WhiteElo "2218"]
[BlackElo "2281"]
[PlyCount "0"]
[WhiteTeam "SK Slavia Orlova"]
[BlackTeam "Sachy Hostalkova"]
[EventDate "2024.10.20"]

1. e4 e5 2. Nf3 Nc6 3. Bb5 a6 4. Bxc6 dxc6 5. O-O Bg4 6. h3 h5 7. d3 Qf6 8.
Be3 Ne7 9. Nbd2 Ng6 10. hxg4 hxg4 11. Ng5 Nf4 12. Qxg4 Qxg5 13. f3 Nh3+ 14.
gxh3 Qxe3+ 15. Rf2 Bc5 16. Qg3 Rxh3 17. Qxe5+ (17. Qxh3 Qxf2+) 17... Kf8 18.
Rf1 Bd6 19. Nc4 Qh6 0-1

[Event "1. liga V 24/25, Hostalkova-Orlova"]
[Site ""]
[Date "2024.10.20"]
[Round "1.5"]
[White "Gnida, Patrik"]
[Black "Radzimski, Antoni"]
[Result "1/2-1/2"]
[WhiteFideId "351660"]
[BlackFideId "21052476"]
[WhiteElo "2234"]
[BlackElo "2234"]
[PlyCount "0"]
[WhiteTeam "Sachy Hostalkova"]
[BlackTeam "SK Slavia Orlova"]
[EventDate "2024.10.20"]

1. c4 e5 2. g3 Nf6 3. Bg2 d5 4. cxd5 Nxd5 5. Nc3 Nb6 6. Nf3 Nc6 7. O-O Be7 8.
d3 O-O 9. a4 a5 10. Be3 Be6 11. Bxb6 cxb6 12. Nd2 Bc5 13. Nc4 f6 14. e3 Qd7
15. Ne4 Qc7 16. Qe2 Rfd8 17. Rfd1 Kh8 18. Rac1 Bd5 19. Qh5 Bf7 20. Qf3 Bd5 21.
Qh5 Bf7 22. Qf3 Bd5 23. Qh5 1/2-1/2

[Event "1. liga V 24/25, Hostalkova-Orlova"]
[Site ""]
[Date "2024.10.20"]
[Round "1.6"]
[White "Kostka, Vit"]
[Black "Bohacek, Jan Andrej"]
[Result "0-1"]
[WhiteFideId "349232"]
[BlackFideId "23727357"]
[WhiteElo "2195"]
[BlackElo "2078"]
[PlyCount "0"]
[WhiteTeam "SK Slavia Orlova"]
[BlackTeam "Sachy Hostalkova"]
[EventDate "2024.10.20"]

1. e4 c6 2. d4 d5 3. Nc3 dxe4 4. Nxe4 Nf6 5. Nxf6+ exf6 6. c3 Bd6 7. Bd3 O-O
8. Qc2 Re8+ 9. Ne2 h5 10. Be3 Nd7 11. O-O-O Nf8 12. c4 Be6 13. Kb1 Rc8 14. a3
Ng6 15. Nc3 Qa5 16. h3 h4 17. c5 Bb8 18. Rhe1 Ne7 19. f4 g6 20. Qf2 Nf5 21.
Bxf5 Bxf5+ 22. Ka1 b5 23. Bd2 Qa6 24. Na2 Qa4 25. Qxh4 a5 26. d5 b4 27. Qxf6
cxd5 28. g4 Be4 29. axb4 axb4 30. Bxb4 Re6 31. Qg5 Ra6 32. Ba3 Bc7 33. Rc1 Bd8
34. Qh6 Bf6 35. Re3 Rb8 36. Rcc3 Qxa3 0-1

[Event "1. liga V 24/25, Hostalkova-Orlova"]
[Site ""]
[Date "2024.10.20"]
[Round "1.7"]
[White "Machycek, Lubomir"]
[Black "Horvath, Tomas"]
[Result "1-0"]
[WhiteFideId "311049"]
[BlackFideId "358630"]
[WhiteElo "2203"]
[BlackElo "2069"]
[PlyCount "0"]
[WhiteTeam "Sachy Hostalkova"]
[BlackTeam "SK Slavia Orlova"]
[EventDate "2024.10.20"]

1. d4 Nf6 2. c4 e6 3. Nf3 Bb4+ 4. Bd2 Qe7 5. e3 O-O 6. Nc3 b6 7. Bd3 Bb7 8.
O-O Bxc3 9. Bxc3 Ne4 10. Rc1 d6 11. Nd2 Nxd2 12. Qxd2 f5 13. Rfe1 Nd7 14. f3
Qg5 15. Qf2 c5 16. Qg3 Qxg3 17. hxg3 Nf6 18. Rcd1 g6 19. Rd2 Rad8 20. Red1
cxd4 21. Bxd4 Kf7 22. Be2 Ke7 23. Bc3 Ne8 24. Bb4 a5 25. Ba3 Rf6 26. b3 e5 27.
Bb2 Re6 28. f4 exf4 29. exf4 Nf6 30. Bf3 Ne4 31. Bxe4 Bxe4 32. Ba3 h6 33. Rd4
Bc6 34. Kf2 g5 35. fxg5 hxg5 36. Rh1 Kf6 37. Rh6+ Ke5 38. Bb2 Rxh6 39. Rh4+
Ke6 40. Rxh6+ Kd7 41. Rh7+ Ke6 42. Bc1 g4 43. Be3 Rb8 44. Rh6+ Ke7 45. Bf4 Rb7
46. Bxd6+ Kd7 47. Bf4 Be4 48. Be3 Bb1 49. Bxb6 Bxa2 50. c5 Rb8 51. c6+ Ke7 52.
c7 Rc8 53. Bxa5 Bxb3 54. Bb4+ Kd7 55. Bd6 Bd5 56. Be5 Be4 57. Rb6 Ke7 58. Rb2
Ke6 59. Bf4 Ke7 60. Ke3 Kd7 61. Rd2+ Ke6 62. Rd8 Bb7 63. Kd4 Ke7 64. Bd6+ Ke6
65. Kc5 1-0

[Event "1. liga V 24/25, Hostalkova-Orlova"]
[Site ""]
[Date "2024.10.20"]
[Round "1.8"]
[White "Sieber, Martin"]
[Black "Krejca, Jakub"]
[Result "1/2-1/2"]
[WhiteFideId "327590"]
[BlackFideId "365777"]
[WhiteElo "2053"]
[BlackElo "2089"]
[PlyCount "0"]
[WhiteTeam "SK Slavia Orlova"]
[BlackTeam "Sachy Hostalkova"]
[EventDate "2024.10.20"]

1. b4 a5 2. b5 d5 3. e3 Nf6 4. Bb2 e6 5. Nf3 Be7 6. Be2 c6 7. a4 cxb5 8. Bxb5+
Bd7 9. Nc3 Na6 10. Ne5 Bxb5 11. Nxb5 O-O 12. O-O Rc8 13. f4 Nc7 14. Nd4 Nd7
15. Ndf3 f6 16. Nxd7 Qxd7 17. Bc3 b6 18. Qb1 Rb8 19. Nd4 Na6 20. Qb5 Qxb5 21.
axb5 Nc5 22. Nc6 Rbe8 23. Bd4 Nd7 24. Bb2 Bc5 25. Ba3 Kf7 26. c4 Rc8 27. Rfc1
Rfe8 28. d4 Bxa3 1/2-1/2

[Event "1. liga V 24/25, SM-Poruba"]
[Site ""]
[Date "2024.10.20"]
[Round "1.1"]
[White "Svanda, Ondrej"]
[Black "Rasik, Vitezslav"]
[Result "0-1"]
[WhiteFideId "359670"]
[BlackFideId "300306"]
[WhiteElo "2396"]
[BlackElo "2415"]
[PlyCount "0"]
[WhiteTeam "SK Stare Mesto"]
[BlackTeam "SK Slavoj Poruba B"]
[EventDate "2024.10.20"]

1. e4 d6 2. d4 g6 3. Nc3 Bg7 4. Nf3 Nf6 5. Be2 O-O 6. O-O e6 7. Re1 Nc6 8. Bb5
Ne7 9. e5 dxe5 10. dxe5 Qxd1 11. Rxd1 Nfd5 12. Ne4 a6 13. Bf1 h6 14. b3 Nc6
15. Bb2 b6 16. c4 Nde7 17. Nf6+ Kh8 18. g4 Bb7 19. Rd7 Rac8 20. Bg2 Rfd8 21.
Rad1 Bf8 22. Ba3 Kg7 23. h4 Rxd7 24. Rxd7 Ng8 0-1

[Event "1. liga V 24/25, SM-Poruba"]
[Site ""]
[Date "2024.10.20"]
[Round "1.2"]
[White "Malik, Jan"]
[Black "Babula, Vlastimil"]
[Result "0-1"]
[WhiteFideId "317500"]
[BlackFideId "391930"]
[WhiteElo "2259"]
[BlackElo "2292"]
[PlyCount "0"]
[WhiteTeam "SK Slavoj Poruba B"]
[BlackTeam "SK Stare Mesto"]
[EventDate "2024.10.20"]

1.e4 c5 2.Nf3 d6 3.d4 cxd4 4.Nxd4 Nf6 5.Nc3 a6 6.Bc4 e6 7.Bb3 b5 8.O-O Qc7
9.Re1 Be7 10.Qf3 O-O 11.a3 Nbd7 12.Qg3 Nc5 13.Bh6 Ne8 14.Ba2 Kh8 15.Bg5 Bb7
16.Bxe7 Qxe7 17.Rad1 Rc8 18.Nf3 Nf6 19.Qh4 Kg8 20.Rd4 Rfe8 21.e5 dxe5 22.Nxe5
Nfd7 23.Qg3 Nxe5 24.Rxe5 Nd7 25.Rg5 g6 26.h4 Nf8 27.h5 Rc5 28.Re5 Rec8 29.h6
Qf6 30.f4 Rxe5 31.fxe5 Qf5 32.Bb3 Rc5 33.Rd8 Rxe5 34.Rb8 Bc6 35.Nd1 Qe4 36.Nf2
Qe1+ 37.Kh2 Rh5+ 38.Nh3 Qd2 39.Kg1 Rxh6 40.Ng5 Qd4+ 0-1

[Event "1. liga V 24/25, SM-Poruba"]
[Site ""]
[Date "2024.10.20"]
[Round "1.3"]
[White "Delgerdalai, Bayarjavkhlan"]
[Black "Caletka, Radomir"]
[Result "1-0"]
[WhiteFideId "23727276"]
[BlackFideId "321133"]
[WhiteElo "2341"]
[BlackElo "2179"]
[PlyCount "0"]
[WhiteTeam "SK Stare Mesto"]
[BlackTeam "SK Slavoj Poruba B"]
[EventDate "2024.10.20"]

1. e4 e6 2. d4 d5 3. e5 c5 4. c3 Bd7 5. Nf3 Ne7 6. Na3 cxd4 7. cxd4 Qb6 8. Be2
Nf5 9. Nc2 Bb5 10. O-O Nc6 11. Bxb5 Qxb5 12. a4 Qb6 13. Qd3 h6 14. Bd2 a6 15.
b4 Na7 16. b5 a5 17. Rac1 Be7 18. Na1 Qd8 19. Nb3 b6 20. g4 Nh4 21. Nxh4 Bxh4
22. f4 O-O 23. f5 Rc8 24. Rxc8 Nxc8 25. f6 gxf6 26. Bxh6 fxe5 27. dxe5 Ne7 28.
Nd4 Qc8 29. Bxf8 Qxf8 30. Nxe6 Qc8 31. Nf4 Qc5+ 32. Kh1 Bg5 33. Ne2 Qb4 34. Qf3 1-0

[Event "1. liga V 24/25, SM-Poruba"]
[Site ""]
[Date "2024.10.20"]
[Round "1.4"]
[White "Krajina, Ales"]
[Black "Hajek, Oskar"]
[Result "1-0"]
[WhiteFideId "302112"]
[BlackFideId "374512"]
[WhiteElo "2124"]
[BlackElo "2260"]
[PlyCount "0"]
[WhiteTeam "SK Slavoj Poruba B"]
[BlackTeam "SK Stare Mesto"]
[EventDate "2024.10.20"]

1. d4 d5 2. Nf3 Nf6 3. c4 dxc4 4. Nc3 a6 5. a4 Nc6 6. e4 Bg4 7. Be3 e5 8. dxe5
Bxf3 9. Qxd8+ Rxd8 10. exf6 Bg4 11. Bxc4 Ne5 12. Be2 Nd3+ 13. Bxd3 Rxd3 14.
O-O c6 15. Rfe1 gxf6 16. f3 Be6 17. Rad1 Rxd1 18. Rxd1 Bb4 19. Bb6 O-O 20. a5
f5 21. Rd4 Be7 22. exf5 Bxf5 23. Ne4 Bxe4 24. Rxe4 Bf6 25. b4 h5 26. g4 hxg4
27. Rxg4+ Kh7 28. Bd4 Be7 29. Bc5 Bxc5+ 30. bxc5 Rd8 31. Rb4 Rd7 32. Kf2 Kg6
33. Ke3 f6 34. Kf4 Rh7 35. Kg3 Kf5 36. h4 Ke5 37. Rc4 f5 38. Rb4 Rg7+ 39. Kh3
f4 40. h5 Kf5 41. h6 Rh7 42. Kg2 Ke5 43. Re4+ Kd5 44. Rxf4 Kxc5 45. Rh4 Kd5
46. Kg3 Ke5 47. Kg4 Kf6 48. Kh5 Kf5 49. Rg4 Rd7 50. Rg7 Rd1 51. Rf7+ Ke6 52.
Rxb7 Kf6 53. Rc7 Kf5 54. Rf7+ Ke6 55. Rf4 Ke5 56. Rc4 Rh1+ 57. Kg6 Kd5 58. Rg4
c5 59. h7 c4 60. Kg7 c3 61. h8=Q Rxh8 62. Kxh8 c2 63. Rg1 1-0

[Event "1. liga V 24/25, SM-Poruba"]
[Site ""]
[Date "2024.10.20"]
[Round "1.5"]
[White "Kubiczek, Michal"]
[Black "Vesely, Libor"]
[Result "1/2-1/2"]
[WhiteFideId "23706996"]
[BlackFideId "321206"]
[WhiteElo "2112"]
[BlackElo "2143"]
[PlyCount "0"]
[WhiteTeam "SK Stare Mesto"]
[BlackTeam "SK Slavoj Poruba B"]
[EventDate "2024.10.20"]

1. d4 d5 2. c4 c6 3. Nf3 Nf6 4. g3 Bf5 5. Nc3 e6 6. Nh4 Bg6 7. Qb3 Qb6 8. Nxg6
hxg6 9. c5 Qxb3 10. axb3 Nbd7 11. b4 Be7 12. b5 cxb5 13. Nxb5 O-O 14. Bg5 a6
15. Nc3 Rfc8 16. e3 b6 17. cxb6 Rcb8 18. Rxa6 Rxa6 19. Bxa6 Rxb6 20. Bb5 Bb4
21. Bd3 Bxc3+ 22. bxc3 Rb3 23. Bxf6 Nxf6 24. f3 Rxc3 25. Ke2 Ra3 26. Rc1 Ra2+
27. Rc2 Rxc2+ 28. Bxc2 g5 29. h4 gxh4 30. gxh4 g6 31. e4 Kg7 32. Ke3 Kh6 33.
Kf4 dxe4 34. fxe4 Kg7 35. Bd1 Kf8 36. Bf3 Nd7 37. h5 gxh5 38. Bxh5 Ke7 39. d5
1/2-1/2

[Event "1. liga V 24/25, SM-Poruba"]
[Site ""]
[Date "2024.10.20"]
[Round "1.6"]
[White "Kudla, Richard"]
[Black "Worek, Joanna"]
[Result "0-1"]
[WhiteFideId "330701"]
[BlackFideId "1118080"]
[WhiteElo "2081"]
[BlackElo "2238"]
[PlyCount "0"]
[WhiteTeam "SK Slavoj Poruba B"]
[BlackTeam "SK Stare Mesto"]
[EventDate "2024.10.20"]

1. e4 c5 2. c3 Nf6 3. e5 Nd5 4. Nf3 d6 5. exd6 e6 6. d4 Bxd6 7. c4 Nf6 8. dxc5
Qa5+ 9. Bd2 Qxc5 10. b4 Qf5 11. c5 Bc7 12. Nc3 O-O 13. Nb5 Na6 14. Be2 Rd8 15.
O-O e5 16. Qb3 Be6 17. Bc4 Bxc4 18. Qxc4 e4 19. Nfd4 Qe5 20. g3 Ng4 21. f3
exf3 22. Nxf3 Qh5 23. Bf4 Bxf4 24. Qxf4 Rd3 25. h4 Nf6 26. Rae1 Nxb4 27. Ne5
a5 28. Nd6 Rc3 29. Nxb7 h6 30. Qf2 Rc8 31. Nd6 R8xc5 32. Nf5 Nbd5 33. Nd3 Rc8
34. Qd4 R8c4 35. Qa7 Rxd3 36. Qb8+ Kh7 37. Qf8 Qg4 0-1